000 00708cab a2200241 4500
001 ABS54441
008 090401t1996 xxu||||| |||| 00| 0 eng d
035 _a(Sirsi) u10357
041 _aeng
100 _aJohnston, K.
245 _aThat was the year
260 _c1996
350 _a0
490 _aCountry Landowner
_vJanuary 1996, 12-13(2)
520 _aAnalyses the main trends in the estates market during 1995, a year in which the desire to acquire land was often frustrated by the lack of land to acquire.
650 _aESTATES MARKET
650 _aFARMLAND MARKET
650 _aLAND PRICES
650 _aLANDED ESTATES
690 _aRURAL PRACTICE
942 _n0
948 _c04/03/1997
999 _c6523
_d6523